000 00337nam a2200133Ia 4500
008 240624s9999 xx 000 0 und d
041 _aeng
082 _a174.4 SUL
100 _aO SULLIVAN PATRICK
245 _aBUSINESS ETHICS A CRITICAL APPROACH INTE
260 _c2012
_aNew York
_bRoutledge
300 _a370 : p.
365 _cGBP
_b28
999 _c20610
_d20610